000 00606nam 22001933 4500
001 201193
090 _a201193
100 _a20260312d u||y0pory50 ba
200 _aAdèle e o monstro
_ftexto e desenhos Jacques Tardi
_gtradução de Maria da Paz
210 _aAmadora
_cLivraria Bertrand
_dim. 1978
215 _a48 p.
_cil. ; encadernado
_d29 cm
225 _aAs aventuras extraordinárias de Adèle Blanc- Sec
606 _91586
_aDesenho Artístico
610 _aBanda desenhada
675 _a74
_vPT
_zpor
700 _916803
_aTardi
_bJacques
_f1946-
801 _aPT
_bBMMN
_gRPC
830 _cIsabel
990 _cLIVROS